Southville International School and Colleges
Your cart is empty.
  • Cart
  • Lists
    Public lists Eva Luna New books Lux_list list_1
    Your lists Log in to create your own lists
  • Log in to your account
  • Your cookies
  • Search history
Southville International School and Colleges
  • Advanced search
  • Recent comments
  • Most popular
  • Libraries

Log in to your account

Log in with GOOGLE


If you do not have an external account, but do have a local account, you can still log in:

  1. Home
  2. MARC view: Vegan bowl attack! :
Normal view MARC view ISBD view

Vegan bowl attack! : (Record no. 357841)

[ view plain ]
MARC details
000 -LEADER
fixed length control field 00623nam a2200229Ia 4500
008 - FIXED-LENGTH DATA ELEMENTS--GENERAL INFORMATION
fixed length control field 180523s9999 xx 000 0 und d
020 ## - INTERNATIONAL STANDARD BOOK NUMBER
International Standard Book Number 978-1-59233-721-7
050 ## - LIBRARY OF CONGRESS CALL NUMBER
Classification number CUL TX 837
050 ## - LIBRARY OF CONGRESS CALL NUMBER
Item number .S63 2016
100 ## - MAIN ENTRY--PERSONAL NAME
Personal name Sobon, Jackie.
245 #0 - TITLE STATEMENT
Title Vegan bowl attack! :
245 #0 - TITLE STATEMENT
Remainder of title more than 100 one-dish meals packed with plant-based power /
260 ## - PUBLICATION, DISTRIBUTION, ETC. (IMPRINT)
Place of publication, distribution, etc Beverly, Massachusetts :
260 ## - PUBLICATION, DISTRIBUTION, ETC. (IMPRINT)
Name of publisher, distributor, etc Fair Winds Press,
260 ## - PUBLICATION, DISTRIBUTION, ETC. (IMPRINT)
Date of publication, distribution, etc 2017
300 ## - PHYSICAL DESCRIPTION
Extent 208 pages :
300 ## - PHYSICAL DESCRIPTION
Other physical details colored illustrations ;
300 ## - PHYSICAL DESCRIPTION
Dimensions 24 cm.
500 ## - GENERAL NOTE
General note Includes index
650 ## - SUBJECT ADDED ENTRY--TOPICAL TERM
Topical term or geographic name as entry element Vegan cooking.
650 ## - SUBJECT ADDED ENTRY--TOPICAL TERM
General subdivision One-dish meals.
Holdings
Withdrawn status Lost status Damaged status Home library Current library Shelving location Date acquired Cost, normal purchase price Total Checkouts Full call number Barcode Date last seen Price effective from Koha item type
      South Mansfield College South Mansfield College   01/31/2018 1.00   CUL TX 837 .S63 2016 SMC06127 05/23/2018 05/23/2018 Books

Vegan bowl attack! :

APA

Sobon J., .Vegan bowl attack!. Beverly, Massachusetts: .

Chicago

Sobon Jackie, .Vegan bowl attack!. Beverly, Massachusetts: .

Harvard

Sobon J., .Vegan bowl attack!. Beverly, Massachusetts: .

MLA

Sobon Jackie, .Beverly, Massachusetts: . .

  • Place hold
  • Print
  • Cite
  • Add to your cart (remove)
  • Save record
    BIBTEX Dublin Core MARCXML MARC (non-Unicode/MARC-8) MARC (Unicode/UTF-8) MARC (Unicode/UTF-8, Standard) MODS (XML) RIS
  • More searches
    Search for this title in:
    Other Libraries (WorldCat) Other Databases (Google Scholar) Online Stores (Bookfinder.com) Open Library (openlibrary.org)

Exporting to Dublin Core...

SOUTHVILLE LIBRARY

Southville International School and Colleges Library

1281 Tropical Ave. Cor. Luxembourg St., BF Homes International, Las Pinas City

Tel. No. 8256374 / 252358 Loc. 117/146

Powered by Koha